| 000 | 00562cam a2200205ua 4500 | ||
|---|---|---|---|
| 001 | 4318 | ||
| 005 | 20260515113820.0 | ||
| 008 | 111223n ii |||gr||||Z||||||eng | ||
| 020 | _a0-7069-3942-5 | ||
| 040 | _cMAIN | ||
| 082 | _a305.4 | ||
| 100 | 1 | _aVohra, Gautam, | |
| 245 | 1 | 1 |
_aWomen in bihar : _ba study of their role in tasar silk production / _cby Gautam Vohra |
| 250 | _a1st. | ||
| 260 |
_aNew Delhi: _bVikas publishing house pvt. ltd.,988. |
||
| 300 |
_a206p: _c23cm. |
||
| 653 | _aSocial group of woman | ||
| 653 | _aWomen in bihar | ||
| 942 | _cBK | ||
| 999 |
_c4133 _d4133 |
||